STN EN 12199: 2001 [neplatná] (91 7891), Pružné dlážkoviny. Špecifikácia homogénnych a heterogénnych gumových dlážkovín s dezénom

Táto národná norma je identická s EN 12199: 1998

Bibliographic Details
Main Author: Urbanová, Alena (Author)
Corporate Author: Ekorex SK (Bratislava, Slovensko) (Translator)
Other Authors: Katuščáková, Gabriela (Translator)
Format: Book
Language:Slovak
English
PhysicalDescription:12 s. tab. 30 cm
Published: Bratislava Slovenský ústav technickej normalizácie 2001
Subjects:

MARC

LEADER 00000cam a2200000 a 4500
001 vtls010288648
003 SK-MaSNL
005 20260301173142.0
008 160628s2001 xo a f u 000 0 slo
015 |a SNBN2014 
020 |c (cen. skup. 10) 
040 |a SNK  |b slo  |c SNK  |e AACR2 
041 1 |a slo  |h eng 
044 |a xo  |c SK 
046 |a s  |m 200101 (účin.) 
072 7 |a 645  |x Nábytok  |2 konspekt 
072 7 |a 678  |x Priemysel makromolekulárnych látok. Gumárenský priemysel. Priemysel plastov  |2 konspekt 
080 |a 645.13:678.4  |2 2001 
080 |a 006.86  |2 2001 
080 |a (437.6)  |2 2001 
080 |a (4)  |2 2001 
080 |a (083)  |2 2001 
080 |a 678.4  |2 2001 
084 |a 97.150  |2 ICS 
130 0 |a STN 91 7891 [neplatná] (STN EN 12199)  |9 543577 
245 1 0 |a STN EN 12199: 2001 [neplatná] (91 7891), Pružné dlážkoviny. Špecifikácia homogénnych a heterogénnych gumových dlážkovín s dezénom 
246 1 0 |a Pružné dlážkoviny 
246 1 0 |a Špecifikácia homogénnych a heterogénnych gumových dlážkovín s dezénom 
260 |a Bratislava  |b Slovenský ústav technickej normalizácie  |c 2001 
300 |a 12 s.  |b tab.  |c 30 cm 
500 |a Súbežný názov v angličtine, francúzštine, nemčine 
500 |a Spracovateľ: Ekorex SK Bratislava, Gabriela Katuščáková ; SÚTN Bratislava, Alena Urbanová 
500 |a Táto norma spolu s STN EN 1817 nahrádza STN 91 7818 z 21.11.1988 v celom rozsahu 
504 |a Citované normy, súvisiace právne predpisy s. 2 
520 8 |a Táto národná norma je identická s EN 12199: 1998 
540 |a STN vydané na akomkoľvek nosiči sa môžu rozmnožovať a rozširovať iba so súhlasom určenej právnickej osoby  |b SÚTN Bratislava  |c zákon 264/1999 Z. z. 
650 0 7 |a podlahové krytiny  |2 SNKPH  |9 51112 
650 0 7 |a technické normy a štandardy  |z krajiny Európskej únie  |2 SNKPH  |9 289341 
650 0 7 |a technické normy a štandardy  |z Slovensko  |2 SNKPH  |9 79594 
650 0 7 |a Floor coverings  |2 SNKPHeng  |9 331456 
650 0 7 |a kaučuk  |2 SNKPH  |9 23100 
650 0 7 |a Rubber  |2 SNKPHeng  |9 298622 
655 7 |a normy  |2 SNKPH  |9 70643 
700 1 |a Urbanová, Alena  |4 aut  |9 314402 
700 1 |a Katuščáková, Gabriela  |4 trl  |9 314722 
710 2 |a Slovenský ústav technickej normalizácie  |4 stn  |9 32706 
710 2 |a Ekorex SK (Bratislava, Slovensko)  |4 trl  |9 123405 
852 |a Štátna vedecká knižnica v Banskej Bystrici 
958 |a OP 
958 |a NB 
999 |c 835892  |d 837822 
952 |a SNK  |b SNK  |y PREZ  |7 0  |p 17A0705715  |o snkSTN EN 12199  |i snk2011/14534  |8 0  |0 0  |1 0  |4 0  |d 2011-06-27  |l 0  |r 2026-02-24 03:53:01  |w 2026-02-24 
952 |a SNK  |b SNK  |y PREZ  |7 0  |p 17A0705716  |o snkSTN EN 12199 D1  |i snk2011/14535  |8 0  |0 0  |1 0  |4 0  |d 2011-06-27  |l 0  |r 2026-02-24 03:53:01  |w 2026-02-24